Roofing & cladding systems : (Record no. 8311)
[ view plain ]
| 000 -LEADER | |
|---|---|
| fixed length control field | 00747cam a22002174a 4500 |
| 001 - CONTROL NUMBER | |
| control field | 11761975 |
| 005 - DATE AND TIME OF LATEST TRANSACTION | |
| control field | 20251121181829.0 |
| 008 - FIXED-LENGTH DATA ELEMENTS--GENERAL INFORMATION | |
| fixed length control field | 990729s2000 gaua bf 001 0 eng |
| 020 ## - INTERNATIONAL STANDARD BOOK NUMBER | |
| International Standard Book Number | 088173330X |
| Qualifying information | FP |
| 020 ## - INTERNATIONAL STANDARD BOOK NUMBER | |
| International Standard Book Number | 0130263575 |
| Qualifying information | PH |
| 020 ## - INTERNATIONAL STANDARD BOOK NUMBER | |
| International Standard Book Number | 9780130263575 |
| Qualifying information | (PH) |
| 050 00 - LIBRARY OF CONGRESS CALL NUMBER | |
| Classification number | TH2431 |
| Item number | .R45 2000 |
| 082 00 - DEWEY DECIMAL CLASSIFICATION NUMBER | |
| Classification number | 695 |
| Edition information | 21 |
| 100 1# - MAIN ENTRY--PERSONAL NAME | |
| Personal name | Reid, Robert N., |
| Dates associated with a name | 1949- |
| 245 10 - TITLE STATEMENT | |
| Title | Roofing & cladding systems : |
| Remainder of title | a guide for facility managers / |
| Statement of responsibility, etc. | by Robert N. Reid. |
| 260 ## - PUBLICATION, DISTRIBUTION, ETC. | |
| Place of publication, distribution, etc. | Lilburn, GA : |
| Name of publisher, distributor, etc. | Fairmont Press ; |
| Place of publication, distribution, etc. | Upper Saddle River, NJ : |
| Name of publisher, distributor, etc. | Distributed by Prentice Hall PTR, |
| Date of publication, distribution, etc. | c2000. |
| 300 ## - PHYSICAL DESCRIPTION | |
| Extent | xxi, 265 p. : |
| Other physical details | ill. ; |
| Dimensions | 24 cm. |
| 650 #0 - SUBJECT ADDED ENTRY--TOPICAL TERM | |
| Topical term or geographic name entry element | Roofing |
| Form subdivision | Handbooks, manuals, etc. |
| 650 #0 - SUBJECT ADDED ENTRY--TOPICAL TERM | |
| Topical term or geographic name entry element | Curtain walls |
| Form subdivision | Handbooks, manuals, etc. |
| 942 ## - ADDED ENTRY ELEMENTS (KOHA) | |
| Source of classification or shelving scheme | Library of Congress Classification |
| Koha item type | Books |
| Suppress in OPAC | No |
| 999 ## - | |
| -- | 8311 |
| -- | 8311 |
| Withdrawn status | Lost status | Source of classification or shelving scheme | Damaged status | Not for loan | Collection | Home library | Current library | Shelving location | Date acquired | Total checkouts | Full call number | Barcode | Date last seen | Copy number | Price effective from | Koha item type |
|---|---|---|---|---|---|---|---|---|---|---|---|---|---|---|---|---|
| Library of Congress Classification | Non-fiction | Science Library (Miotso) | Science Library (Miotso) | General stacks | 11/21/2025 | TH2431 .R45 REI | SLM00005954 | 11/21/2025 | 1 | 11/21/2025 | Books | |||||
| Library of Congress Classification | Non-fiction | Science Library (Miotso) | Science Library (Miotso) | General stacks | 11/21/2025 | TH2431 .R45 REI | SLM00005955 | 11/21/2025 | 2 | 11/21/2025 | Books | |||||
| Library of Congress Classification | Non-fiction | Science Library (Miotso) | Science Library (Miotso) | General stacks | 11/21/2025 | TH2431 .R45 REI | SLM00005956 | 11/21/2025 | 3 | 11/21/2025 | Books |